| 000 | 00559nam a2200241 a 4500 | ||
|---|---|---|---|
| 001 | nice12345678 | ||
| 003 | IN_TiNIC | ||
| 005 | 20260116013023.0 | ||
| 008 | 050524s1928 lona grp 000 0 eng | ||
| 020 |
_a _c100 |
||
| 082 | 0 | 0 |
_a954 _bLAW |
| 100 | _aLawrence, Walter Roper | ||
| 245 | _aIndia We Served | ||
| 260 |
_aLondon _bCassel _c1928 |
||
| 300 | _a317p | ||
| 500 | _aincludes index and biblioraphy | ||
| 505 | 2 | _aIndex | |
| 650 | _aIndia-History | ||
| 700 | 1 | _aLawrence, Walter Roper | |
| 902 | _bSRS | ||
| 942 | _cBK | ||
| 999 |
_c9302 _d9302 |
||